| 000 | 00000nam 2200000zi 4500 |
| 001 | 9.947458 |
| 003 | CaOODSP |
| 005 | 20250128132409 |
| 006 | m o d f |
| 007 | cr |n |||||||| |
| 008 | 250128t20102010onc o f000 0 eng d |
| 020 | |z9780660645193 |
| 040 | |aCaOODSP|beng|erda|cCaOODSP |
| 041 | |aeng|afre |
| 043 | |an-cn-bc |
| 086 | 1 |aFs73-2010/7-PDF|zFs 73-2010/7 |
| 245 | 00|aCanadian tide and current tables 2010. |nVolume 7, |pQueen Charlotte Sound to Dixon Entranc = Tables des marées et courants du Canada, 2010, volume 7, Queen Charlotte Sound à Dixon Entrance. |
| 246 | 11|aTables des marées et courants du Canada, 2010. |nVolume 7, |pQueen Charlotte Sound à Dixon Entrance. |
| 264 | 1|aOttawa : |bFisheries and Oceans Canada = Pêches et océans Canada, |c2010. |
| 264 | 4|c©2010. |
| 300 | |a1 online resource (83 pages) |
| 336 | |atext|btxt|2rdacontent |
| 337 | |acomputer|bc|2rdamedia |
| 338 | |aonline resource|bcr|2rdacarrier |
| 500 | |aDigitized edition from print [produced by Government of Canada Publications Directorate]. |
| 500 | |a"Published under the authority of the Canadian Hyrographic Service, Fisheries and Oceans Canada." |
| 546 | |aText in English and in French. |
| 650 | 0|aTides|zBritish Columbia|zQueen Charlotte Sound|vTables. |
| 650 | 0|aTides|zDixon Entrance (B.C. and Alaska)|vTables. |
| 650 | 0|aWater currents|zBritish Columbia|zQueen Charlotte Sound. |
| 650 | 0|aWater currents|zDixon Entrace (B.C. and Alaska) |
| 710 | 2 |aCanadian Hydrographic Service, |eissuing body |
| 776 | 0#|tQueen Charlotte Sound to Dixon Entrance |w(CaOODSP)9.549050 |
| 788 | |tCanadian tide and current tables 2010. |efre|w(CaOODSP)9.947457 |
| 856 | 40|qPDF|s9154 KB|uhttps://publications.gc.ca/collections/collection_2025/mpo-dfo/Fs73-2010-7.pdf |